<?xml version="1.0" encoding="UTF-8"?><?xml-stylesheet type="text/xsl" href="static/style.xsl"?><OAI-PMH xmlns="http://www.openarchives.org/OAI/2.0/" xmlns:xsi="http://www.w3.org/2001/XMLSchema-instance" xsi:schemaLocation="http://www.openarchives.org/OAI/2.0/ http://www.openarchives.org/OAI/2.0/OAI-PMH.xsd"><responseDate>2026-04-13T02:46:47Z</responseDate><request verb="GetRecord" identifier="oai:www.recercat.cat:10256/26539" metadataPrefix="marc">https://recercat.cat/oai/request</request><GetRecord><record><header><identifier>oai:recercat.cat:10256/26539</identifier><datestamp>2025-03-06T12:13:17Z</datestamp><setSpec>com_2072_452971</setSpec><setSpec>com_2072_2054</setSpec><setSpec>col_2072_452983</setSpec></header><metadata><record xmlns="http://www.loc.gov/MARC21/slim" xmlns:dcterms="http://purl.org/dc/terms/" xmlns:xsi="http://www.w3.org/2001/XMLSchema-instance" xmlns:doc="http://www.lyncode.com/xoai" xsi:schemaLocation="http://www.loc.gov/MARC21/slim http://www.loc.gov/standards/marcxml/schema/MARC21slim.xsd">
   <leader>00925njm 22002777a 4500</leader>
   <datafield ind2=" " ind1=" " tag="042">
      <subfield code="a">dc</subfield>
   </datafield>
   <datafield ind2=" " ind1=" " tag="720">
      <subfield code="a">Saguer i Hom, Enric</subfield>
      <subfield code="e">author</subfield>
   </datafield>
   <datafield ind2=" " ind1=" " tag="260">
      <subfield code="c">2023-06-30</subfield>
   </datafield>
   <datafield ind2=" " ind1=" " tag="520">
      <subfield code="a">El vintidosè volum de la col·lecció Estudis de la Biblioteca d'Història Rural és una monografia sobre el patrimoni Carles que procedeix de la tesi doctoral de Mònica Bosch. Tot i que ens centrem exclusivament en aquest títol, és recomanable llegir-lo en paral·lel a altres publicacions derivades de la mateixa tesi, especialment el llibre La formació d'una classe dirigent (1790-1850). Els Carles en la societat gironina, publicat el 2022 per la Fundació Noguera. Es tracta d'un treball esperat tant perquè l'autora hi ha treballat durant molts anys, com per l'interès intrínsec de la família i el patrimoni Carles en el context gironí dels segles XVIII i XIX</subfield>
   </datafield>
   <datafield ind1="8" ind2=" " tag="024">
      <subfield code="a">http://hdl.handle.net/10256/26539</subfield>
   </datafield>
   <datafield tag="653" ind2=" " ind1=" ">
      <subfield code="a">Història social -- Ressenyes de llibres</subfield>
   </datafield>
   <datafield tag="653" ind2=" " ind1=" ">
      <subfield code="a">Història econòmica -- Ressenyes de llibres</subfield>
   </datafield>
   <datafield tag="653" ind2=" " ind1=" ">
      <subfield code="a">Social history -- Book reviews</subfield>
   </datafield>
   <datafield tag="653" ind2=" " ind1=" ">
      <subfield code="a">Economic history -- Book reviews</subfield>
   </datafield>
   <datafield ind2="0" ind1="0" tag="245">
      <subfield code="a">[Ressenya] BOSCH PORTELL, Mònica. Viure de renda: la gestió del patrimoni Carles, 1770-1860. Biblioteca d'Història Rural (Col·lecció Estudis, 22) Girona: Associació d'Història Rural; Universitat de Girona i Documenta Universitaria, 2021, 432 pàgs</subfield>
   </datafield>
</record></metadata></record></GetRecord></OAI-PMH>